| 000 | 01300nam a22004217a 4500 | ||
|---|---|---|---|
| 001 | 0051753 | ||
| 003 | KOHA_MİRAKIL | ||
| 005 | 20260207003816.0 | ||
| 007 | ta | ||
| 008 | 150629b2014 tu |||gr||||#||||0|tur | | ||
| 020 | _a9786051337845 | ||
| 040 |
_aTR-BiSEU _btur _cTR-BiSEU _erda |
||
| 041 | 0 | _atur | |
| 044 | _ctu | ||
| 050 |
_aQP303 _b.V56 2014 |
||
| 100 | 1 | _aVincent, William J.. | |
| 240 | 1 | 0 |
_aStatistics in kinesiology _lTürkçe |
| 245 | 1 |
_aKinesiyolojide istatistik = _bStatistics in kinesiology/ _cWilliam J. Vincent ; William J. Vincent, Joseph P. Weir ; çeviren Yetkin Utku Kamuk. |
|
| 264 | 1 |
_aAnkara : _bNobel _c2014 |
|
| 300 |
_aXVIII, 378 sayfa ; _c24 cm. |
||
| 336 |
_ametin _btxt _2rdacontent |
||
| 337 |
_aaracısız _bn _2rdamedia |
||
| 338 |
_acilt _bnc _2rdacarrier |
||
| 490 | 1 |
_aYayın ; _vno. |
|
| 490 | 1 | _a882. | |
| 490 | 1 |
_aSpor ve beden eğitimi ; _vno. |
|
| 490 | 1 | _a034. | |
| 500 | _aDizin var. | ||
| 500 | _aKaynakça var. | ||
| 650 | 0 |
_aİstatistik. _91712 |
|
| 650 | 0 |
_aKinezyoloji--İstatistiksel metotlar. _996416 |
|
| 650 | 0 |
_aKinezyoloji--Araştırma--Metodoloji. _996417 |
|
| 830 | 1 |
_aYayın ; _vno. _91557 |
|
| 830 | 1 |
_a882. _957135 |
|
| 830 | 1 |
_aSpor ve beden eğitimi ; _vno. _996418 |
|
| 830 | 1 |
_a034. _996419 |
|
| 942 |
_2lcc _cBK |
||
| 999 |
_c51573 _d51573 |
||